| 000 | 00758nam a2200265Ia 4500 | ||
|---|---|---|---|
| 003 | OSt | ||
| 005 | 20220925215312.0 | ||
| 006 | a|||||r|||| 00| 0 | ||
| 007 | ta | ||
| 008 | 220923b |||||||| |||| 00| 0 eng d | ||
| 020 | _a0 435 84402 4 | ||
| 037 | _cGeneral Book | ||
| 040 |
_aRTL _cRTL _beng |
||
| 041 |
_2eng _aeng |
||
| 082 | _aX:533,61.N7, L5 | ||
| 100 |
_aHazlewood Arthur _9123118 |
||
| 245 | 0 |
_aEconomic integration _b The east African experience |
|
| 260 |
_aLondon _bHeinemann UK _c1975 |
||
| 300 |
_axii, 180p. _ccm. |
||
| 490 | _aStudies in the economics of Africa | ||
| 650 | _a Free Trade | ||
| 650 | _aEconomics | ||
| 942 |
_hX:533,61.N7, L5 _cGB _2CC |
||
| 999 |
_c568417 _d568417 |
||